[Event "Adelaide Freytag op"]
[Site "Adelaide"]
[Date "2009.07.05"]
[Round "7"]
[White "Johansen, Darryl Keith"]
[Black "Tao, Trevor"]
[Result "1/2-1/2"]
[WhiteElo "2459"]
[BlackElo "2397"]
[PlyCount "120"]
[EventDate "2009.07.04"]
[EventType "swiss"]
[EventRounds "7"]
[EventCountry "AUS"]
[SourceTitle "EXT 2023"]
[Source "ChessBase"]
[SourceDate "2022.10.05"]
[SourceVersion "1"]
[SourceVersionDate "2022.10.05"]
[SourceQuality "1"]

1. d4 Nf6 2. Nf3 e6 3. c4 Bb4+ 4. Bd2 Qe7 5. g3 b6 6. Bg2 Bb7 7. 0-0 Bxd2 8. Qxd2 0-0 9. Nc3 d6 10. d5 c5 11. dxc6 Nxc6 12. Rfd1 Rfd8 13. Qf4 Rac8 14. Rac1 Ba8 15. b3 a6 16. Rd2 Na5 17. Rdc2 Qe8 18. Ng5 Bxg2 19. Kxg2 Nb7 20. Nce4 Nxe4 21. Qxe4 Qc6 22. f3 Qxe4 23. Nxe4 Nc5 24. Nf2 a5 25. Rd1 Kf8 26. f4 Ke7 27. Kf3 Na6 28. Rcd2 Nc7 29. Nd3 d5 30. Ne5 Ke8 31. cxd5 Rxd5 32. Nc4 Rcd8 33. Rxd5 Nxd5 34. e4 Nc3 35. Rxd8+ Kxd8 36. Nxb6 Nxa2 37. Nc4 Kc7 38. Nxa5 Kb6 39. Nc4+ Kc5 40. e5 Nc1 41. Nd6 Nxb3 42. Nxf7 Kd5 43. h4 Nd4+ 44. Kf2 h6 45. h5 Nf5 46. g4 Ne7 47. Ke3 Kc6 48. Kd4 Kd7 49. Nd6 Nd5 50. f5 Nf4 51. Ke4 Nh3 52. Nb7 Ng5+ 53. Kf4 Ke7 54. Nc5 exf5 55. gxf5 Nh3+ 56. Kg3 Ng5 57. Kg4 Kf7 58. Nd3 Ke7 59. Nf4 Ne4 60. Nd5+ Kd7 1/2-1/2

[Event "Adelaide Freytag op"]
[Site "Adelaide"]
[Date "2009.07.04"]
[Round "3"]
[White "Stojic, Svetozar"]
[Black "Tao, Trevor"]
[Result "0-1"]
[WhiteElo "1908"]
[BlackElo "2397"]
[PlyCount "96"]
[EventDate "2009.07.04"]
[EventType "swiss"]
[EventRounds "7"]
[EventCountry "AUS"]
[SourceTitle "EXT 2023"]
[Source "ChessBase"]
[SourceDate "2022.10.05"]
[SourceVersion "1"]
[SourceVersionDate "2022.10.05"]
[SourceQuality "1"]

1. e4 c6 2. d4 g6 3. Nf3 d5 4. Nbd2 Bg4 5. c3 Bxf3 6. Qxf3 e6 7. Bd3 Bg7 8. Nf1 Ne7 9. Bg5 0-0 10. Bf6 Nd7 11. Bxg7 Kxg7 12. h4 dxe4 13. Bxe4 h5 14. Bc2 Qa5 15. g4 hxg4 16. Qxg4 Nf6 17. Qf3 Qd5 18. Qxd5 Nexd5 19. Ne3 Rh8 20. Kd2 Rh5 21. Nxd5 cxd5 22. Rh3 Rah8 23. Rah1 g5 24. Rg1 g4 25. Bd1 Rxh4 26. Rxh4 Rxh4 27. f3 Kg6 28. fxg4 Kg5 29. Rf1 Rh2+ 30. Kc1 b6 31. a3 Rh7 32. Bf3 Nxg4 33. Rg1 f5 34. a4 Kf4 35. Be2 Nf2 36. Rg6 Re7 37. Kd2 e5 38. c4 exd4 39. cxd5 Ke5 40. Bc4 Ne4+ 41. Kd3 Nf6 42. Rxf6 Kxf6 43. Kxd4 Re4+ 44. Kc3 Ke5 45. Kb4 f4 46. b3 f3 47. Kb5 Rxc4 48. bxc4 f2 0-1

[Event "Adelaide Freytag op"]
[Site "Adelaide"]
[Date "2009.07.04"]
[Round "4"]
[White "Tao, Trevor"]
[Black "Sheldrick, Kevin"]
[Result "1-0"]
[WhiteElo "2397"]
[BlackElo "1995"]
[PlyCount "97"]
[EventDate "2009.07.04"]
[EventType "swiss"]
[EventRounds "7"]
[EventCountry "AUS"]
[SourceTitle "EXT 2023"]
[Source "ChessBase"]
[SourceDate "2022.10.05"]
[SourceVersion "1"]
[SourceVersionDate "2022.10.05"]
[SourceQuality "1"]

1. g3 e5 2. c4 Nf6 3. Bg2 d5 4. cxd5 Nxd5 5. Nc3 Nb6 6. Nf3 Nc6 7. d3 Be7 8. 0-0 g5 9. a3 g4 10. Nd2 h5 11. b4 h4 12. Nb3 hxg3 13. fxg3 Nd4 14. Na5 Rb8 15. Rf2 Qd7 16. e3 Ne6 17. Bb2 Ng5 18. Ne4 Nxe4 19. Bxe4 Qd6 20. d4 Bg5 21. Qe2 Qh6 22. Re1 exd4 23. Bxd4 0-0 24. Bf5 Qh5 25. Bxc8 Nxc8 26. Nc4 f5 27. Ne5 Nd6 28. Nd7 Ne4 29. Rff1 Rbd8 30. Nxf8 Rxf8 31. b5 Rf7 32. Rc1 Qh3 33. Qb2 Nxg3 34. hxg3 Qxg3+ 35. Qg2 Bxe3+ 36. Bxe3 Qxe3+ 37. Qf2 Qxf2+ 38. Kxf2 Kg7 39. Kg3 Kg6 40. Kf4 Rh7 41. Rh1 Rd7 42. Rcd1 Re7 43. Rhe1 Rh7 44. Re6+ Kf7 45. Ke5 Rh2 46. Rd7+ Kf8 47. Kxf5 g3 48. Kg6 Rf2 49. Rh7 1-0

[Event "Adelaide Checkmate op"]
[Site "Adelaide"]
[Date "2008.10.10"]
[Round "6"]
[White "Xie, George Wendi"]
[Black "Tao, Trevor"]
[Result "1-0"]
[WhiteElo "2449"]
[BlackElo "2375"]
[PlyCount "45"]
[EventDate "2008.07.05"]
[EventType "swiss"]
[EventRounds "7"]
[EventCountry "AUS"]
[SourceTitle "EXT 2023"]
[Source "ChessBase"]
[SourceDate "2022.10.05"]
[SourceVersion "1"]
[SourceVersionDate "2022.10.05"]
[SourceQuality "1"]

1. d4 d5 2. c4 dxc4 3. Nf3 c5 4. d5 Nf6 5. Nc3 e6 6. e4 exd5 7. e5 Be6 8. exf6 gxf6 9. g3 Nc6 10. Bg2 Qd7 11. 0-0 Be7 12. Nh4 Nb4 13. f4 f5 14. Nf3 Bf6 15. Ne5 Bxe5 16. fxe5 0-0-0 17. Bg5 Rde8 18. b3 d4 19. Na4 c3 20. Nxc5 Qc7 21. Bxb7+ Kb8 22. Qxd4 Nc2 23. Qxc3 1-0

[Event "Adelaide Checkmate op"]
[Site "Adelaide"]
[Date "2008.07.05"]
[Round "1"]
[White "Hoff, Michael R"]
[Black "Tao, Trevor"]
[Result "0-1"]
[WhiteElo "1840"]
[BlackElo "2375"]
[PlyCount "108"]
[EventDate "2008.07.05"]
[EventType "swiss"]
[EventRounds "7"]
[EventCountry "AUS"]
[SourceTitle "EXT 2010"]
[Source "ChessBase"]
[SourceDate "2010.11.25"]
[SourceVersion "1"]
[SourceVersionDate "2010.11.25"]
[SourceQuality "1"]

1. e4 c6 2. d4 g6 3. c4 d6 4. Nc3 Bg7 5. Be3 Nf6 6. f3 0-0 7. Qd2 a6 8. Bh6 Re8 9. Bxg7 Kxg7 10. g4 e5 11. 0-0-0 Nfd7 12. g5 Qe7 13. d5 c5 14. h4 Nf8 15. h5 Bd7 16. Nge2 b5 17. Ng3 Kg8 18. Bh3 Bxh3 19. Rxh3 Nbd7 20. Nf5 gxf5 21. exf5 e4 22. Nxe4 Qe5 23. g6 fxg6 24. hxg6 hxg6 25. Rdh1 Re7 26. f6 Nxf6 27. Rh8+ Kf7 28. Ng5+ Ke8 29. Ne6 Rxe6 30. dxe6 Nh5 31. Re1 Qxh8 32. Qxd6 Rc8 33. e7 Qh6+ 34. Kb1 Nd7 35. Qxa6 Rb8 36. cxb5 Nhf6 37. a4 Qd2 38. Qe6 Qd3+ 39. Kc1 Qd5 40. Qh3 Rb6 41. Qh8+ Qg8 42. Qh3 Qf7 43. f4 Ng8 44. Qd3 Qxf4+ 45. Kb1 Qf5 46. Qxf5 gxf5 47. Kc2 Nxe7 48. Kc3 Kd8 49. Kc4 Nc8 50. b4 Nd6+ 51. Kd5 cxb4 52. a5 Rxb5+ 53. Kxd6 Rxa5 54. Rh1 Ra6+ 0-1

[Event "Adelaide Checkmate op"]
[Site "Adelaide"]
[Date "2007.07.07"]
[Round "2"]
[White "Tao, Trevor"]
[Black "Dragicevic, Domagoj"]
[Result "1-0"]
[WhiteElo "2354"]
[BlackElo "2087"]
[PlyCount "101"]
[EventDate "2007.07.07"]
[EventType "swiss"]
[EventRounds "7"]
[EventCountry "AUS"]
[SourceTitle "EXT 2010"]
[Source "ChessBase"]
[SourceDate "2010.11.25"]
[SourceVersion "1"]
[SourceVersionDate "2010.11.25"]
[SourceQuality "1"]

1. e4 d5 2. exd5 Qxd5 3. Nc3 Qd6 4. Nf3 Nf6 5. d4 a6 6. g3 Bg4 7. Bg2 Nc6 8. Be3 0-0-0 9. h3 Bh5 10. Qe2 e6 11. 0-0-0 Be7 12. Qc4 Nd5 13. Ne4 Qb4 14. Qxb4 Ncxb4 15. a3 Nxe3 16. fxe3 Nd5 17. Rde1 f5 18. Nc5 Bxc5 19. dxc5 Nf6 20. Ne5 Rhf8 21. Rhf1 g5 22. b4 Be8 23. e4 Nd7 24. exf5 exf5 25. c6 Nxe5 26. cxb7+ Kb8 27. Rxe5 Bg6 28. Re6 Rd6 29. Rxd6 cxd6 30. Kd2 f4 31. gxf4 gxf4 32. Bf3 Rf7 33. c4 Rc7 34. Rc1 Bf5 35. Re1 Bg6 36. Re6 Rxc4 37. Rxd6 Be4 38. Bxe4 Rxe4 39. Rxa6 Re3 40. a4 Rxh3 41. Rb6 Rg3 42. a5 Rg6 43. Rxg6 hxg6 44. a6 g5 45. Ke2 g4 46. Kf2 Ka7 47. b5 Kb8 48. b6 g3+ 49. Kg2 f3+ 50. Kxf3 g2 51. a7+ 1-0

[Event "Adelaide Checkmate op"]
[Site "Adelaide"]
[Date "2007.07.07"]
[Round "4"]
[White "Tao, Trevor"]
[Black "Rogers, Ian"]
[Result "1/2-1/2"]
[WhiteElo "2354"]
[BlackElo "2624"]
[PlyCount "83"]
[EventDate "2007.07.07"]
[EventType "swiss"]
[EventRounds "7"]
[EventCountry "AUS"]
[SourceTitle "EXT 2010"]
[Source "ChessBase"]
[SourceDate "2010.11.25"]
[SourceVersion "1"]
[SourceVersionDate "2010.11.25"]
[SourceQuality "1"]

1. e4 c5 2. Nf3 Nc6 3. b3 d6 4. Bb5 e5 5. 0-0 Nf6 6. c3 Bd7 7. d4 Qc7 8. d5 Nb8 9. Bxd7+ Nbxd7 10. Qe2 g6 11. c4 Bg7 12. Nc3 0-0 13. Bd2 a6 14. a3 b6 15. Rab1 Rfc8 16. Rfc1 Rab8 17. Ne1 Qb7 18. b4 Qc7 19. Nd3 Bf8 20. f3 cxb4 21. Rxb4 Nc5 22. Be3 Nfd7 23. Kh1 h5 24. a4 Kh7 25. Rcb1 a5 26. Nb5 Qd8 27. R4b2 Nxa4 28. Ra2 Rxc4 29. Rxa4 Rxa4 30. Qc2 Rb4 31. Nxb4 axb4 32. Rxb4 Ra8 33. h3 Nc5 34. Rb1 Bh6 35. Bf2 Kg8 36. Nc3 Ra6 37. Qe2 Qa8 38. Nb5 Ra2 39. Qf1 Bf8 40. Nc3 Ra3 41. Nb5 Ra2 42. Nc3 1/2-1/2